01006nam a22002297a 45000010005000000030006000050050017000110080041000280200018000690400029000870500015001160820011001311000019001422450054001612600037002153000059002525050007003115200366003185210027006845210018007116500047007297339FISKH20250710082942.0250710b cb ||||| |||| 00| 0 eng d a9781846431203 aFISKHbengcFISKHdFISKH aPZ8.K824 T a398.8  aKubler, Annie  aThis little piggy /cIllustrated by Annie Kubler  aSydney : bChild's Play, c2007. a10 unnumbered pages : bcolor illustrations ; c22 cm  aE  aA great introduction to books through well-known nursery rhymes and interactive text. Singing songs and rhymes is the perfect way to bond with your baby and share quality time. It also aids language development by introducing them to the natural sounds and patterns of speech. Combining these with actions also stimulates the brain and helps muscle development.8 a200 bLexile estimate 8 aE bRaz-Plus  aBody AwarenessvBoard BookxNursery Rhymes